[Event "WchT Seniors 65"]
[Site "Prague"]
[Date "2020.03.09"]
[Round "4.19"]
[White "Kauko, Pekka"]
[Black "Johansson, Bertil"]
[Result "1-0"]
[WhiteElo "1868"]
[BlackElo "1876"]
[PlyCount "63"]
[EventDate "2020.03.06"]
[EventType "team-swiss"]
[EventRounds "7"]
[EventCountry "CZE"]
[SourceTitle "CBM 195 Extra"]
[Source "ChessBase"]
[SourceDate "2020.05.31"]
[SourceVersion "1"]
[SourceVersionDate "2020.05.31"]
[SourceQuality "1"]
[WhiteTeam "Finland 65 II"]
[BlackTeam "Sweden 65 IV"]
[WhiteTeamCountry "FIN"]
[BlackTeamCountry "SWE"]

1. c4 e5 2. g3 Nf6 3. Nc3 Nc6 4. Bg2 Bb4 5. Nf3 0-0 6. 0-0 Re8 7. Nd5 Nxd5 8. cxd5 Nd4 9. e4 d6 10. Nxd4 exd4 11. d3 c5 12. dxc6 bxc6 13. Qa4 c5 14. a3 Ba5 15. b4 Bb6 16. e5 Rb8 17. exd6 Bf5 18. Qb3 h6 19. Bf4 Bd7 20. Rfe1 Qf6 21. bxc5 Bxc5 22. Qd5 Bb6 23. Re7 Be6 24. Qb5 Red8 25. Be5 Qf5 26. Be4 Bd7 27. Bxf5 Bxb5 28. d7 Rb7 29. Rc1 Bxd7 30. Be4 Kf8 31. Bd6 Bc7 32. Rxd7+ 1-0

[Event "FIN-chT 1819"]
[Site "Finland"]
[Date "2019.02.09"]
[Round "7.8"]
[White "Galchenko, Vadim"]
[Black "Kauko, Pekka"]
[Result "1-0"]
[WhiteElo "2123"]
[BlackElo "1933"]
[PlyCount "61"]
[EventDate "2018.09.15"]
[EventType "team-tourn"]
[EventRounds "11"]
[EventCountry "FIN"]
[SourceTitle "EXT 2021"]
[Source "ChessBase"]
[SourceDate "2020.10.23"]
[SourceVersion "1"]
[SourceVersionDate "2020.10.23"]
[SourceQuality "1"]
[WhiteTeam "Jyvaskyla JyS"]
[BlackTeam "Sastamala VammSK"]
[WhiteTeamCountry "FIN"]
[BlackTeamCountry "FIN"]

1. e4 c6 2. c4 d6 3. d4 g6 4. Nc3 Bg7 5. Nf3 Nd7 6. Be2 c5 7. Be3 b6 8. Qc2 Ngf6 9. h3 Bb7 10. 0-0 0-0 11. d5 a6 12. a3 Ne8 13. Rab1 Qc8 14. Nh2 a5 15. f4 Ba6 16. Kh1 Nef6 17. g4 Kh8 18. Nf3 Ng8 19. Bg1 Nh6 20. Bh2 f6 21. Rg1 Nf7 22. h4 Rg8 23. Bd3 Nf8 24. Rbe1 Qd7 25. Qe2 Re8 26. h5 g5 27. fxg5 fxg5 28. e5 dxe5 29. Nxe5 Nxe5 30. Bxe5 e6 31. h6 1-0

[Event "EU-chT Seniors 65"]
[Site "Walbrzych"]
[Date "2018.04.22"]
[Round "9.1"]
[White "Gustavsson, Bo"]
[Black "Kauko, Pekka"]
[Result "1-0"]
[WhiteElo "1915"]
[BlackElo "1961"]
[PlyCount "93"]
[EventDate "2018.04.14"]
[EventType "team-swiss"]
[EventRounds "9"]
[EventCountry "POL"]
[SourceTitle "CBM 184 Extra"]
[Source "ChessBase"]
[SourceDate "2018.06.28"]
[SourceVersion "1"]
[SourceVersionDate "2018.06.28"]
[SourceQuality "1"]
[WhiteTeam "Sweden 65 III"]
[BlackTeam "Finland Turku 65"]
[WhiteTeamCountry "SWE"]
[BlackTeamCountry "FIN"]

1. e4 c6 2. d4 d5 3. e5 g6 4. f4 Nh6 5. Nf3 Bg7 6. Bd3 0-0 7. 0-0 a6 8. a4 Qc7 9. c4 b6 10. cxd5 cxd5 11. Nc3 Qd7 12. Qb3 e6 13. Qxb6 Nc6 14. Qc5 Rd8 15. Qa3 Rb8 16. Na2 Bf8 17. Qc3 Qb7 18. Rb1 Nb4 19. Nxb4 Bxb4 20. Qc2 Bd7 21. b3 Rdc8 22. Qe2 Rc6 23. Be3 Ng4 24. Bd2 Rbc8 25. Bxb4 Qxb4 26. Bxa6 Rc2 27. Qe1 Rb8 28. h3 Nh6 29. Qxb4 Rxb4 30. Bd3 Rc3 31. Rfd1 Rbxb3 32. Bb5 Bxb5 33. axb5 Nf5 34. b6 Rxb1 35. Rxb1 Rc8 36. Kf2 Kf8 37. Ke2 Ke8 38. Kd3 h6 39. Nd2 Ne7 40. Nb3 Nc6 41. Nc5 Nb8 42. Ra1 Nc6 43. Kc3 Rb8 44. b7 Kd8 45. Ra8 Kc7 46. Na6+ Kxb7 47. Nxb8 1-0

[Event "EU-chT Seniors 65"]
[Site "Walbrzych"]
[Date "2018.04.17"]
[Round "4.1"]
[White "Kauko, Pekka"]
[Black "Grahn, Lars"]
[Result "1/2-1/2"]
[WhiteElo "1961"]
[BlackElo "1949"]
[PlyCount "65"]
[EventDate "2018.04.14"]
[EventType "team-swiss"]
[EventRounds "9"]
[EventCountry "POL"]
[SourceTitle "CBM 184 Extra"]
[Source "ChessBase"]
[SourceDate "2018.06.28"]
[SourceVersion "1"]
[SourceVersionDate "2018.06.28"]
[SourceQuality "1"]
[WhiteTeam "Finland Turku 65"]
[BlackTeam "Sweden 65 II"]
[WhiteTeamCountry "FIN"]
[BlackTeamCountry "FIN"]

1. d4 f5 2. g3 Nf6 3. Bg2 g6 4. Nc3 d5 5. Bg5 Bg7 6. Bxf6 Bxf6 7. Nxd5 Bg7 8. c3 c6 9. Nf4 0-0 10. Nf3 e6 11. h4 Na6 12. Qb3 Nc7 13. Ng5 Qe7 14. 0-0-0 Bf6 15. Kb1 Bxg5 16. hxg5 Qxg5 17. e4 fxe4 18. Bxe4 Nd5 19. Nd3 Nf6 20. Nc5 Nxe4 21. Nxe4 Qd5 22. Qc2 e5 23. dxe5 Qxe5 24. f4 Qe7 25. Nd6 Bf5 26. Nxf5 Rxf5 27. Rhe1 Qf7 28. Qe4 Rf8 29. Rd2 Ra5 30. b3 Qf5 31. Kb2 Qxe4 32. Rxe4 Raf5 33. c4 1/2-1/2

[Event "EU-chT Seniors 65"]
[Site "Walbrzych"]
[Date "2018.04.15"]
[Round "2.1"]
[White "Just, Joachim"]
[Black "Kauko, Pekka"]
[Result "1-0"]
[WhiteElo "1928"]
[BlackElo "1961"]
[PlyCount "107"]
[EventDate "2018.04.14"]
[EventType "team-swiss"]
[EventRounds "9"]
[EventCountry "POL"]
[SourceTitle "CBM 184 Extra"]
[Source "ChessBase"]
[SourceDate "2018.06.28"]
[SourceVersion "1"]
[SourceVersionDate "2018.06.28"]
[SourceQuality "1"]
[WhiteTeam "Germany BSW/DBAG 65"]
[BlackTeam "Finland Turku 65"]
[WhiteTeamCountry "GER"]
[BlackTeamCountry "FIN"]

1. d4 Nf6 2. Bg5 d5 3. Nf3 e6 4. e3 c5 5. c3 Be7 6. Nbd2 0-0 7. Ne5 Nfd7 8. Bxe7 Qxe7 9. Ndf3 b6 10. Be2 Bb7 11. 0-0 f6 12. Nxd7 Nxd7 13. Bb5 a6 14. Ba4 Rad8 15. Bc2 e5 16. Nh4 f5 17. Nxf5 Qf6 18. Ng3 Qe6 19. Qh5 g6 20. Qh4 Nf6 21. Qg5 Kh8 22. Qxe5 Qxe5 23. dxe5 Ng4 24. e6 Rde8 25. e4 Rxe6 26. exd5 Bxd5 27. h3 Nf6 28. Rfd1 Rfe8 29. Bb3 c4 30. Bc2 Kg7 31. Kf1 h5 32. Rd4 Re5 33. Rad1 b5 34. a4 R8e7 35. f3 Bb7 36. h4 a5 37. Rd6 b4 38. cxb4 axb4 39. Rb6 b3 40. Bb1 R5e6 41. Rxe6 Rxe6 42. Ne2 Nd5 43. Kf2 Bc6 44. Nd4 Bd7 45. Nxe6+ Bxe6 46. Be4 Nb4 47. a5 Kf6 48. Rd6 Ke5 49. Rb6 Na2 50. a6 c3 51. bxc3 Nxc3 52. Bxg6 Bd5 53. a7 b2 54. Ke1 1-0

[Event "EU-chT Seniors 65"]
[Site "Walbrzych"]
[Date "2018.04.14"]
[Round "1.1"]
[White "Kauko, Pekka"]
[Black "Westerinen, Heikki MJ"]
[Result "0-1"]
[WhiteElo "1961"]
[BlackElo "2308"]
[PlyCount "88"]
[EventDate "2018.04.14"]
[EventType "team-swiss"]
[EventRounds "9"]
[EventCountry "POL"]
[SourceTitle "CBM 184 Extra"]
[Source "ChessBase"]
[SourceDate "2018.06.28"]
[SourceVersion "1"]
[SourceVersionDate "2018.06.28"]
[SourceQuality "1"]
[WhiteTeam "Finland Turku 65"]
[BlackTeam "Finland 65"]
[WhiteTeamCountry "FIN"]
[BlackTeamCountry "FIN"]

1. d4 Nf6 2. c4 g6 3. Nc3 Bg7 4. e4 d6 5. Nf3 0-0 6. Be2 e5 7. 0-0 Nbd7 8. Re1 c6 9. Rb1 Re8 10. dxe5 dxe5 11. h3 Qc7 12. b4 Nf8 13. Be3 Ne6 14. Qc1 Nh5 15. Bf1 Nd4 16. Bxd4 exd4 17. Na4 b6 18. Nb2 Bb7 19. c5 b5 20. a4 a6 21. Nd3 Nf6 22. axb5 cxb5 23. e5 Nd7 24. Nxd4 Nxe5 25. Nxe5 Bxe5 26. Nc2 Bd5 27. Ne3 Ba2 28. Rb2 Bxb2 29. Qxb2 Be6 30. Be2 Rad8 31. Ra1 Bc8 32. Bf3 Qe5 33. Qb1 Rd2 34. Ra2 Qd4 35. Rxd2 Qxd2 36. Kf1 Rd8 37. Qe1 Qxe1+ 38. Kxe1 Kf8 39. Nd5 Bb7 40. Nc7 Bxf3 41. gxf3 Ke7 42. Ke2 Kd7 43. Nd5 Kc6 44. Ne7+ Kc7 0-1

[Event "FIN-chT1A 1718"]
[Site "Finland"]
[Date "2018.02.04"]
[Round "7.6"]
[White "Kauko, Pekka"]
[Black "Sarkkinen, Heikki"]
[Result "1-0"]
[WhiteElo "1989"]
[BlackElo "1987"]
[PlyCount "48"]
[EventDate "2017.09.16"]
[EventType "team-tourn"]
[EventRounds "7"]
[EventCountry "FIN"]
[SourceTitle "EXT 2020"]
[Source "ChessBase"]
[SourceDate "2019.10.17"]
[SourceVersion "1"]
[SourceVersionDate "2019.10.17"]
[SourceQuality "1"]
[WhiteTeam "Sastamala VammSK"]
[BlackTeam "Raahe Li"]
[WhiteTeamCountry "FIN"]
[BlackTeamCountry "FIN"]

1. c4 c6 2. d4 d5 3. g3 Bf5 4. Bg2 e6 5. Nc3 Nf6 6. Nf3 Be7 7. Qb3 Qb6 8. c5 Qxb3 9. axb3 Na6 10. 0-0 Bc2 11. Ra3 0-0 12. Bf4 Nh5 13. Bd2 h6 14. Rc1 Bh7 15. Ne5 Rfd8 16. Nxc6 Rd7 17. Nxe7+ Rxe7 18. Nb5 Nf6 19. Nd6 Nb8 20. b4 Nc6 21. e3 Ne8 22. b5 Nd8 23. Bb4 Nxd6 24. cxd6 Re8 1-0

[Event "EU-chT Seniors 65"]
[Site "Novi Sad"]
[Date "2017.06.30"]
[Round "6.1"]
[White "Sveshnikov, Evgeny"]
[Black "Kauko, Pekka"]
[Result "1-0"]
[WhiteElo "2512"]
[BlackElo "1990"]
[PlyCount "99"]
[EventDate "2017.06.25"]
[EventType "team-tourn"]
[EventRounds "9"]
[EventCountry "SRB"]
[SourceTitle "CBM 179 Extra"]
[Source "ChessBase"]
[SourceDate "2017.08.23"]
[SourceVersion "1"]
[SourceVersionDate "2017.08.23"]
[SourceQuality "1"]
[WhiteTeam "Russia 65"]
[BlackTeam "Finland Turku 65"]
[WhiteTeamCountry "RUS"]
[BlackTeamCountry "FIN"]

1. e4 d5 2. exd5 Qxd5 3. Nc3 Qa5 4. d4 Nf6 5. Nf3 Bf5 6. Bd2 c6 7. Bc4 e6 8. Qe2 Bb4 9. 0-0-0 Nbd7 10. Ne5 Nb6 11. a3 Bxa3 12. Na2 Qa4 13. Bb3 Qxd4 14. Bc3 Qf4+ 15. Bd2 Qd4 16. Bc3 Qf4+ 17. Kb1 Bc5 18. f3 a5 19. Bd2 Qh4 20. Be1 Qh6 21. g4 a4 22. Bc4 Bg6 23. h4 Nfd5 24. Bxd5 Qe3 25. Qxe3 Bxe3 26. Be4 Bxe4 27. fxe4 f6 28. Rh3 Bc5 29. Rc3 Be7 30. Nf3 e5 31. Bf2 Nd7 32. Rcd3 Rd8 33. h5 Nb8 34. Nh4 Rxd3 35. Rxd3 Kf7 36. Nf5 g6 37. Nxe7 Kxe7 38. Bc5+ Kf7 39. c4 Rg8 40. Nc3 gxh5 41. gxh5 Rc8 42. Nxa4 Ke8 43. Nb6 Rd8 44. Kc2 Nd7 45. Nxd7 Rxd7 46. Rxd7 Kxd7 47. Kc3 Ke6 48. Kb4 f5 49. exf5+ Kxf5 50. Ka5 1-0

[Event "Hameenlinna We HamSK"]
[Site "Hameenlinna"]
[Date "2017.06.10"]
[Round "3"]
[White "Kauko, Pekka"]
[Black "Jarvenpaa, Jari"]
[Result "0-1"]
[WhiteElo "1990"]
[BlackElo "2251"]
[PlyCount "88"]
[EventDate "2017.06.10"]
[EventType "swiss"]
[EventRounds "5"]
[EventCountry "FIN"]
[SourceTitle "EXT 2022"]
[Source "ChessBase"]
[SourceDate "2021.10.06"]
[SourceVersion "1"]
[SourceVersionDate "2021.10.06"]
[SourceQuality "1"]

1. d4 Nf6 2. c4 e6 3. Nf3 d5 4. Nc3 Bb4 5. Bd2 0-0 6. e3 a6 7. a3 Be7 8. Rc1 Nbd7 9. Bd3 dxc4 10. Bxc4 c5 11. 0-0 b5 12. Bd3 Bb7 13. Bb1 Qb6 14. Qe2 Bxf3 15. Qxf3 cxd4 16. Ne4 Nd5 17. exd4 Qxd4 18. Bc3 Nxc3 19. Rxc3 Ne5 20. Qh5 g6 21. Qh6 Nc4 22. Qc1 Rad8 23. b4 f5 24. Rd3 Qb2 25. Nc5 Bxc5 26. bxc5 Qxc1 27. Rxc1 Kf7 28. g3 Ke7 29. c6 Rxd3 30. Bxd3 Rc8 31. a4 Rxc6 32. axb5 axb5 33. Rb1 Rc5 34. Ra1 Kd6 35. Kf1 e5 36. f3 e4 37. fxe4 fxe4 38. Be2 Rc7 39. Ke1 Kc5 40. Rb1 Rd7 41. h4 Ra7 42. g4 Ra3 43. h5 gxh5 44. gxh5 Rh3 0-1

[Event "FIN-chT1A 1617"]
[Site "Finland"]
[Date "2016.10.09"]
[Round "4.4"]
[White "Kauko, Pekka"]
[Black "Laukkanen, Jere"]
[Result "1/2-1/2"]
[WhiteElo "2007"]
[BlackElo "2017"]
[PlyCount "179"]
[EventDate "2016.09.17"]
[EventType "team-tourn"]
[EventRounds "7"]
[EventCountry "FIN"]
[SourceTitle "EXT 2019"]
[Source "ChessBase"]
[SourceDate "2018.10.10"]
[SourceVersion "1"]
[SourceVersionDate "2018.10.10"]
[SourceQuality "1"]
[WhiteTeam "Sastamala VammSK"]
[BlackTeam "Vaasa VSS"]
[WhiteTeamCountry "FIN"]
[BlackTeamCountry "FIN"]

1. d4 Nf6 2. g3 d5 3. Bg2 c6 4. Nf3 Bf5 5. 0-0 e6 6. c4 h6 7. Nc3 Nbd7 8. cxd5 cxd5 9. Qa4 Bd6 10. Nb5 Bb8 11. Qa3 Qb6 12. Nc3 Bd6 13. Qb3 Qxb3 14. axb3 Bc2 15. Nb5 Bb8 16. Bd2 Bxb3 17. Bb4 Bc4 18. Rfc1 Nb6 19. Nd6+ Bxd6 20. Bxd6 Ne4 21. Bb4 f6 22. b3 Ba6 23. Rc7 Nd7 24. Bh3 Kd8 25. Rac1 Nec5 26. R7xc5 Nxc5 27. dxc5 e5 28. Be6 d4 29. e3 dxe3 30. fxe3 Bb5 31. Nd2 a5 32. Ba3 Ke7 33. Bf5 Bc6 34. Nc4 h5 35. Nd6 h4 36. g4 h3 37. Rc3 Rh4 38. Kf2 g6 39. Kg3 Rh6 40. Bc8 Rb8 41. Bxb7 Kd7 42. Bxc6+ Kxc6 43. Nc4 Kb5 44. Rd3 Rhh8 45. Nd6+ Kc6 46. e4 Rh7 47. Kf2 Rg8 48. Ke2 f5 49. Nc4 fxe4 50. Rd6+ Kc7 51. Ra6 Rh4 52. Ne3 Rb8 53. b4 axb4 54. Bb2 Rb5 55. c6 Rc5 56. Ra4 Rb5 57. Ra7+ Kxc6 58. Rg7 Ra5 59. Rxg6+ Kc5 60. Kd2 Rh7 61. Re6 Ra2 62. Kc2 Rf7 63. Kb3 Rxb2+ 64. Kxb2 Rf2+ 65. Nc2 Kd5 66. Rh6 Rxh2 67. g5 e3 68. g6 Ke4 69. g7 Rg2 70. Rxh3 Rxg7 71. Rxe3+ Kf4 72. Rb3 Rg2 73. Rxb4+ e4 74. Kc3 Rg3+ 75. Kd2 Rd3+ 76. Ke2 Rc3 77. Ne1 Rc8 78. Rb7 Ra8 79. Rf7+ Ke5 80. Re7+ Kd5 81. Nc2 Ra2 82. Kd2 Ra8 83. Ke3 Ra4 84. Kf4 Kc4 85. Rxe4+ Kb3 86. Nd4+ Ka3 87. Ke3 Kb4 88. Re5 Kc4 89. Ke4 Kc3 90. Rc5+ 1/2-1/2

[Event "FIN-chT1A 1516"]
[Site "Finland"]
[Date "2016.02.07"]
[Round "7.5"]
[White "Blinov, Jurij"]
[Black "Kauko, Pekka"]
[Result "1-0"]
[WhiteElo "1923"]
[BlackElo "2042"]
[PlyCount "124"]
[EventDate "2015.09.12"]
[EventType "team-tourn"]
[EventRounds "8"]
[EventCountry "FIN"]
[SourceTitle "EXT 2017"]
[Source "ChessBase"]
[SourceDate "2016.10.25"]
[SourceVersion "1"]
[SourceVersionDate "2016.10.25"]
[SourceQuality "1"]
[WhiteTeam "Helsinki HSK II"]
[BlackTeam "Sastamala VammSK"]
[WhiteTeamCountry "FIN"]
[BlackTeamCountry "FIN"]

1. e4 g6 2. d4 Bg7 3. Nf3 d6 4. h3 a6 5. a4 Nd7 6. Bd3 c5 7. c3 cxd4 8. cxd4 Qb6 9. a5 Qc7 10. 0-0 e6 11. Be3 Ne7 12. Nc3 b5 13. axb6 Nxb6 14. Qe2 0-0 15. Rfc1 Qb7 16. Ra3 Nc6 17. Qd2 d5 18. Bh6 Nb4 19. Bxg7 Kxg7 20. Ne5 f6 21. Ng4 Nxd3 22. Qxd3 Nc4 23. Ra2 f5 24. exd5 fxg4 25. Qxc4 gxh3 26. gxh3 Qf7 27. Qe2 exd5 28. Qe5+ Kg8 29. Qg3 Bf5 30. Ra5 Be6 31. Nd1 Rac8 32. Rac5 Rxc5 33. Rxc5 Rc8 34. b4 Qf5 35. Nc3 Rf8 36. Rc6 Re8 37. Rxa6 Bf7 38. Ra1 Qc2 39. b5 Rc8 40. b6 Qxc3 41. Qxc3 Rxc3 42. b7 Rb3 43. Ra8+ Kg7 44. b8Q Rxb8 45. Rxb8 h5 46. Kg2 Be6 47. Kg3 g5 48. h4 Kf6 49. Rb6 gxh4+ 50. Kxh4 Kf5 51. Kg3 Bf7 52. f3 Be8 53. Rb8 Ba4 54. Rf8+ Kg5 55. f4+ Kg6 56. Kh4 Bd1 57. f5+ Kg7 58. Rd8 Bf3 59. Kg5 Kf7 60. Rd7+ Ke8 61. Ra7 Bg4 62. f6 Bf3 1-0